000 00450cam a2200193u 4500
001 7923386
005 20180307071605.0
008 830715s1955 dcuab 000 0 eng
010 _aagr55000181
040 _aDLC
_cCarP
_dDLC
041 _aeng
080 _a62 AND
082 _a62 AND
100 1 _a27
101 _aMEK
245 1 0 _aWood-frame house construction,
906 _a0
_bcbc
_cpremunv
_du
_encip
_f19
_gy-gencatlg
942 _2ddc
_cBK
999 _c44296
_d44296